000 00567cab a2200205 4500
001 X1010
008 090401t1993 xxu||||| |||| 00| 0 eng d
035 _a(Sirsi) u14129
041 _aeng
245 _aPhillips Hong Kong Ltd v Hyundai Electronics Industries Co Ltd
260 _c1993
350 _a0
490 _aArbitration and Dispute Resolution Law Journal
_v1993 ADELJ 174-177(4)
650 _aAPPOINTMENT OF ARBITRATOR
650 _aARBITRATION ORDINANCE
650 _aICC RULES
690 _aARBITRATION-CASE LAW
942 _n0
948 _c04/03/1997
999 _c9169
_d9169